Soccer dream team - Statistics

General Stats
  • This quiz has been taken 2,048 times
  • The average score is 7 of 11
Answer Stats
Current Club Position Answer % Correct
FC Bayern GK neuer
93%
Barcelona ST messi
90%
Real Madrid LM ronaldo
89%
Barcelona CM xavi
77%
FC Bayern RB lahm
70%
Dortmund CB hummels
69%
PSG CB thiago silva
69%
FC Bayern RM robben
66%
Juventus CM pirlo
60%
Everton LB baines
37%
??????????? ST Heskey
2%
No matching quizzes found
Score Distribution
Percent of People with Each Score
Percentile by Number Answered
Your Score History
You have not taken this quiz